|
|
|
|
| LEADER |
00000nab a2200000 a 4500 |
| 001 |
vtls000422850 |
| 003 |
SK-MaSNL |
| 005 |
20260302232922.0 |
| 008 |
160204c1989 xo 0 slo |
| 015 |
|
|
|a SNBRA19rr/mm-uuuuu
|
| 035 |
|
|
|a CL0422978
|
| 040 |
|
|
|a SNKBUCL
|b slo
|c SNKBUCL
|e AACR2
|
| 041 |
0 |
|
|a slo
|
| 044 |
|
|
|a xo
|c SK
|
| 080 |
|
|
|a 681.32:621.382.049.77
|2 1981
|
| 080 |
|
|
|a 621.382.049.77
|2 1981
|
| 100 |
1 |
|
|a Magyar, Andrej
|4 aut
|9 626781
|
| 245 |
1 |
0 |
|a Signálový procesor uPD 7720
|c Andrej Magyar
|
| 300 |
|
|
|b Tb. 8. Sch. 2., lit. 20 zázn. v češ., angl.
|
| 650 |
0 |
7 |
|a procesory signálové
|2 snkbucl
|9 949367
|
| 655 |
|
7 |
|a články zo zborníkov
|2 snkbucl
|9 166140
|
| 773 |
0 |
|
|t Integrované obvody 3
|d Košice : Dom techniky ČSVTS, 1989
|g S. 13-26
|
| 850 |
|
|
|a Slovenská národná knižnica v Martine
|a MTA001
|
| 852 |
|
|
|a SNK
|b KIS3GCP
|
| 958 |
|
|
|a NB
|
| 958 |
|
|
|a RK
|
| 958 |
|
|
|a CZ
|
| 992 |
|
|
|a RZB
|
| 999 |
|
|
|c 1544721
|d 1546651
|